Mao Tse-Tung / (Record no. 116992)

MARC details
000 -LEADER
campo de control de longitud fija 00568nam a2200193 4500
001 - NÚMERO DE CONTROL
campo de control 116992
003 - IDENTIFICADOR DE NÚMERO DE CONTROL
campo de control ES-MaACL
005 - FECHA Y HORA DE LA ÚLTIMA TRANSACCIÓN
campo de control 20251114150617.0
007 - CAMPO FIJO DE DESCRIPCIÓN FÍSICA--INFORMACIÓN GENERAL
campo de control de longitud fija t|
008 - DATOS DE LONGITUD FIJA--INFORMACIÓN GENERAL
campo de control de longitud fija 070228s1970 sp r ||||1| spa d
100 1# - ENTRADA PRINCIPAL--NOMBRE DE PERSONA
Nombre de persona Payne, Robert.
9 (RLIN) 89728
245 10 - MENCIÓN DEL TÍTULO
Título Mao Tse-Tung /
Mención de responsabilidad, etc. Robert Payne ; traducción: Miguel Giménez Sales.
250 ## - MENCION DE EDICION
Mención de edición 1ª ed.
260 ## - PUBLICACIÓN, DISTRIBUCIÓN, ETC.
Lugar de publicación, distribución, etc. Barcelona [etc.] :
Nombre del editor, distribuidor, etc. Bruguera,
Fecha de publicación, distribución, etc. 1970.
300 ## - DESCRIPCIÓN FÍSICA
Extensión 263 p., 8 lám. ;
Dimensiones 24 cm.
700 1# - ENTRADA AGREGADA--NOMBRE PERSONAL
Nombre de persona Giménez Sales, Miguel,
Fechas asociadas al nombre 1922-
9 (RLIN) 57067
852 ## - LOCALIZACIÓN
Ubicación ES-MaACL
Número de control de estantería C-41779
Sublocalización o colección R.73865
Holdings
Estatus retirado Estado de pérdida Estado de daño No para préstamo Biblioteca de origen Biblioteca actual Ubicación en estantería Fecha de adquisición Fuente de adquisición Total de préstamos Signatura topográfica completa Código de barras Visto por última vez Precio de reemplazo Tipo de ítem Koha
        Biblioteca del Ateneo de Madrid Biblioteca del Ateneo de Madrid Depósito 2 17/01/2008     C-41779 1121981 23/02/2023 23/02/2023 Libro impreso